[Event "DEN-ch Rapid op"]
[Site "Avedore"]
[Date "2023.05.13"]
[Round "6"]
[White "Hector, Jonny"]
[Black "Fedder, Steen"]
[Result "0-1"]
[WhiteElo "2482"]
[BlackElo "2380"]
[PlyCount "70"]
[EventDate "2023.05.13"]
[EventType "swiss (rapid)"]
[EventRounds "7"]
[EventCountry "DEN"]
[SourceTitle "CBM 214 Extra"]
[Source "ChessBase"]
[SourceDate "2023.07.31"]
[SourceVersion "1"]
[SourceVersionDate "2023.07.31"]
[SourceQuality "1"]

1. e4 e5 2. Nf3 Nc6 3. Nc3 Nf6 4. d4 Bb4 5. Nxe5 Qe7 6. Nxc6 Qxe4+ 7. Be2 Qxc6 8. 0-0 Bxc3 9. Bf3 d5 10. bxc3 0-0 11. Qd3 Bg4 12. Bxg4 Nxg4 13. Bf4 Nf6 14. Rfe1 Rfe8 15. Be5 Nd7 16. Qg3 Nxe5 17. dxe5 Re6 18. f4 Rg6 19. Qf2 Qxc3 20. Rad1 c6 21. f5 Rg4 22. f6 Re8 23. Rd3 Qb4 24. Rb3 Qd4 25. Rxb7 gxf6 26. Rxa7 Rxe5 27. Rb1 Re2 28. Qxd4 Rxd4 29. Ra3 Rg4 30. g3 Rxc2 31. Rf1 Rd4 32. Rxf6 Rd1+ 33. Rf1 Rdd2 34. Re1 Rg2+ 35. Kf1 Rcf2# 0-1

[Event "DEN-ch Rapid op"]
[Site "Avedore"]
[Date "2023.05.13"]
[Round "3"]
[White "Nordenbaek, Jan"]
[Black "Fedder, Steen"]
[Result "1/2-1/2"]
[WhiteElo "2141"]
[BlackElo "2380"]
[PlyCount "137"]
[EventDate "2023.05.13"]
[EventType "swiss (rapid)"]
[EventRounds "7"]
[EventCountry "DEN"]
[SourceTitle "CBM 214 Extra"]
[Source "ChessBase"]
[SourceDate "2023.07.31"]
[SourceVersion "1"]
[SourceVersionDate "2023.07.31"]
[SourceQuality "1"]

1. e4 e5 2. Nf3 Nc6 3. Bc4 Bc5 4. c3 Qe7 5. 0-0 d6 6. b4 Bb6 7. a4 a5 8. b5 Nd8 9. d4 Bg4 10. dxe5 dxe5 11. Ba3 Bc5 12. h3 Bh5 13. g4 Bg6 14. Bxc5 Qxc5 15. Nbd2 Nf6 16. Qe2 Nd7 17. Nh4 Nb6 18. Nf5 0-0 19. Qe3 Qxe3 20. Ne7+ Kh8 21. Nxg6+ hxg6 22. fxe3 Nxc4 23. Nxc4 f6 24. Nxe5 Re8 25. Nxg6+ Kh7 26. Nf4 Rxe4 27. Kf2 Nf7 28. Rfd1 Ne5 29. Rd4 Rxd4 30. cxd4 Ng6 31. Nxg6 Kxg6 32. Rc1 Rc8 33. Rc5 Rh8 34. Kg3 Re8 35. Kf4 Re7 36. h4 Kf7 37. e4 Ke6 38. e5 g5+ 39. hxg5 fxg5+ 40. Ke4 Rh7 41. d5+ Kd7 42. Kf5 Rh1 43. Kxg5 Re1 44. Kf6 Rf1+ 45. Kg6 Rf4 46. g5 Rxa4 47. d6 cxd6 48. Rd5 Ke6 49. exd6 Kd7 50. Kf6 Rf4+ 51. Ke5 Rf1 52. g6 Rg1 53. Kf6 a4 54. Rd3 Rf1+ 55. Ke5 Re1+ 56. Kf4 Rg1 57. Rg3 Rxg3 58. Kxg3 a3 59. g7 a2 60. g8Q a1Q 61. Qf7+ Kxd6 62. Qxb7 Qe5+ 63. Kf2 Qf5+ 64. Ke2 Qe5+ 65. Kd3 Qd5+ 66. Qxd5+ Kxd5 67. b6 Kc6 68. b7 Kxb7 69. Ke3 1/2-1/2

[Event "DEN-chB"]
[Site "Tonder"]
[Date "1993.??.??"]
[Round "7"]
[White "Kroll, Ove"]
[Black "Fedder, Steen"]
[Result "1/2-1/2"]
[WhiteElo "2325"]
[BlackElo "2380"]
[PlyCount "66"]
[EventDate "1993.??.??"]
[EventType "swiss"]
[EventRounds "7"]
[EventCountry "DEN"]
[SourceTitle "EXT 2000"]
[Source "ChessBase"]
[SourceDate "1999.11.16"]
[SourceVersion "1"]
[SourceVersionDate "1999.11.16"]
[SourceQuality "1"]

1. c4 c5 2. Nc3 Nc6 3. g3 g6 4. Bg2 Bg7 5. b3 Nf6 6. Bb2 0-0 7. d3 d6 8. Qd2 a6 9. Nf3 Rb8 10. 0-0 b5 11. Rfd1 Bd7 12. Nd5 e5 13. Nxf6+ Bxf6 14. Ne1 Bg7 15. Nc2 Nd4 16. Ne3 Bh6 17. Rf1 Nf5 18. f4 Nxe3 19. Qxe3 Be6 20. Qd2 Bg7 21. e4 Qd7 22. Rf2 f5 23. exf5 Bxf5 24. fxe5 dxe5 25. Bd5+ Be6 26. Bxe6+ Qxe6 27. Raf1 Rxf2 28. Qxf2 Qe7 29. Qe2 Qb7 30. Bc3 Re8 31. Re1 Qc6 32. Bb2 h5 33. Bc3 Kh7 1/2-1/2

[Event "Politiken Cup 14th"]
[Site "Copenhagen"]
[Date "1992.06.25"]
[Round "4"]
[White "Fedder, Steen"]
[Black "Nilsson, Nils Specht"]
[Result "1-0"]
[WhiteElo "2400"]
[BlackElo "2230"]
[PlyCount "55"]
[EventDate "1992.06.22"]
[EventType "swiss"]
[EventRounds "10"]
[EventCountry "DEN"]
[SourceTitle "EXT 2002"]
[Source "ChessBase"]
[SourceDate "2001.11.25"]
[SourceVersion "1"]
[SourceVersionDate "2001.11.25"]
[SourceQuality "1"]

1. d4 d5 2. c4 dxc4 3. Nf3 a6 4. e4 Bg4 5. Bxc4 e6 6. Be3 Nf6 7. Nc3 Be7 8. h3 Bh5 9. Qc2 0-0 10. Ne5 b5 11. Bd3 c5 12. dxc5 Qc7 13. f4 Bxc5 14. Bxc5 Qxc5 15. Qf2 Qxf2+ 16. Kxf2 Ne8 17. a4 f6 18. Nf3 b4 19. Ne2 Bxf3 20. gxf3 Nd6 21. Rac1 Ra7 22. Rhd1 Kf7 23. e5 Nf5 24. Bxf5 exf5 25. Rd6 Re8 26. exf6 Re6 27. Rxe6 Kxe6 28. Rc8 1-0

[Event "Copenhagen Unibank"]
[Site "Copenhagen"]
[Date "1991.??.??"]
[Round "7"]
[White "Fedder, Steen"]
[Black "Bang, Andreas"]
[Result "1-0"]
[WhiteElo "2400"]
[BlackElo "2285"]
[PlyCount "87"]
[EventDate "1991.07.??"]
[EventType "swiss"]
[EventRounds "9"]
[EventCountry "DEN"]
[SourceTitle "TD"]
[Source "ChessBase"]
[SourceDate "1994.03.01"]
[SourceVersion "1"]
[SourceVersionDate "1994.03.01"]
[SourceQuality "1"]

1. d4 d5 2. c4 c6 3. Nf3 Nf6 4. Nc3 dxc4 5. a4 Bf5 6. Ne5 c5 7. e4 Qxd4 8. Qxd4 cxd4 9. exf5 dxc3 10. Bxc4 e6 11. fxe6 fxe6 12. Bxe6 Bb4 13. 0-0 Nc6 14. Nxc6 bxc6 15. bxc3 Bxc3 16. Rb1 Ke7 17. Bc4 Rab8 18. Ba3+ Kd7 19. Rfd1+ Nd5 20. Rbc1 Bb2 21. Bxb2 Rxb2 22. Bxd5 cxd5 23. Rxd5+ Ke6 24. Ra5 Rc8 25. Re1+ Kf6 26. Ra6+ Kf7 27. Rxa7+ Kf6 28. h4 Ra2 29. g3 h5 30. Ree7 g6 31. Rf7+ Ke6 32. Rg7 Rf8 33. Rge7+ Kd5 34. Rf7 Rxf7 35. Rxf7 Rxa4 36. Rf6 Rg4 37. Kg2 Ke5 38. Ra6 Kf5 39. f4 Ke4 40. Ra5 Ke3 41. Re5+ Kd3 42. Kf3 Kd4 43. Ra5 Kd3 44. Rg5 1-0

[Event "DEN-chT 9192"]
[Site "Denmark"]
[Date "1991.??.??"]
[Round "5"]
[White "Fedder, Steen"]
[Black "Kroll, Ove"]
[Result "1/2-1/2"]
[WhiteElo "2400"]
[BlackElo "2320"]
[PlyCount "62"]
[EventDate "1991.??.??"]
[EventType "team"]
[EventRounds "7"]
[EventCountry "DEN"]
[SourceTitle "EXT 2000"]
[Source "ChessBase"]
[SourceDate "1999.11.16"]
[SourceVersion "1"]
[SourceVersionDate "1999.11.16"]
[SourceQuality "1"]

1. d4 Nf6 2. c4 c5 3. d5 e5 4. Nc3 d6 5. e4 Nbd7 6. Nf3 Be7 7. Be2 Nf8 8. a3 h5 9. h4 Ng4 10. Qc2 Nh7 11. g3 g6 12. Ng1 f5 13. f3 Ngf6 14. Bd3 Qd7 15. Nh3 Ng8 16. Be3 Bf6 17. 0-0-0 Ne7 18. f4 a6 19. Rde1 Qc7 20. Ng5 Nxg5 21. hxg5 Bg7 22. exf5 Bxf5 23. fxe5 Bxe5 24. Bf4 Bxf4+ 25. gxf4 0-0-0 26. Ne4 Rhf8 27. Nf6 Rf7 28. Rh2 Kb8 29. Rhe2 Ka7 30. Kb1 Bxd3 31. Qxd3 Nf5 1/2-1/2

[Event "Lyngby op"]
[Site "Lyngby"]
[Date "1991.??.??"]
[Round "2"]
[White "Fedder, Steen"]
[Black "Mach, Holger"]
[Result "1-0"]
[WhiteElo "2400"]
[BlackElo "2240"]
[PlyCount "149"]
[EventDate "1991.??.??"]
[EventType "swiss"]
[EventRounds "9"]
[EventCountry "DEN"]
[SourceTitle "EXT 2000"]
[Source "ChessBase"]
[SourceDate "1999.11.16"]
[SourceVersion "1"]
[SourceVersionDate "1999.11.16"]
[SourceQuality "1"]

1. d4 Nf6 2. c4 g6 3. Nc3 d5 4. Bf4 Bg7 5. e3 c5 6. dxc5 Qa5 7. Rc1 Ne4 8. cxd5 Nxc3 9. Qd2 Qxa2 10. bxc3 Qa5 11. Bc4 Nd7 12. Nf3 0-0 13. 0-0 Qxc5 14. Ba2 Nf6 15. Be5 Rd8 16. c4 Ne4 17. Qb2 Bf8 18. Bd4 Qa5 19. c5 b6 20. cxb6 Bb7 21. Bc4 Nc5 22. bxa7 Bxd5 23. Bxd5 Rxd5 24. Ra1 Qc7 25. Be5 Qd8 26. Qb8 Ne6 27. Nd4 Nxd4 28. exd4 Rd7 29. Rfb1 f6 30. Qxd8 Rdxd8 31. Rb8 fxe5 32. Rxd8 Rxd8 33. a8Q Rxa8 34. Rxa8 exd4 35. Rd8 Kf7 36. Rxd4 Bg7 37. Rd5 Ke6 38. Rb5 Be5 39. h3 Bd6 40. Kf1 Be5 41. Ke2 Bd4 42. f4 Kf6 43. Kf3 Bg1 44. Ke4 Bf2 45. Ra5 Be1 46. Ra6+ Kf7 47. f5 Bg3 48. Kf3 Be1 49. fxg6+ hxg6 50. Kg4 Bc3 51. Ra3 Bb2 52. Rf3+ Bf6 53. h4 Kg7 54. h5 Kh6 55. hxg6 Kxg6 56. Kf4 Bd4 57. Rg3+ Kf6 58. Rg8 Bc3 59. Rf8+ Kg6 60. Rc8 Bf6 61. Rc6 Kf7 62. Kf5 Bb2 63. Rc7 Ba3 64. Rc4 Bd6 65. Rh4 Kg7 66. Ke6 Bc5 67. Rg4+ Kf8 68. Rg6 Bb4 69. Kf5 Kf7 70. Kg5 Bd2+ 71. Kh5 Bc3 72. g4 Bd2 73. g5 Bc1 74. Kh6 Bd2 75. Kh7 1-0

[Event "Lyngby op"]
[Site "Lyngby"]
[Date "1991.??.??"]
[Round "8"]
[White "Fedder, Steen"]
[Black "Pedersen, Steffen"]
[Result "1-0"]
[WhiteElo "2400"]
[BlackElo "2295"]
[PlyCount "141"]
[EventDate "1991.??.??"]
[EventType "swiss"]
[EventRounds "9"]
[EventCountry "DEN"]
[SourceTitle "EXT 2000"]
[Source "ChessBase"]
[SourceDate "1999.11.16"]
[SourceVersion "1"]
[SourceVersionDate "1999.11.16"]
[SourceQuality "1"]

1. d4 Nf6 2. c4 e6 3. g3 d5 4. Nf3 Be7 5. Bg2 0-0 6. 0-0 dxc4 7. Qc2 a6 8. Qxc4 b5 9. Qc2 Bb7 10. Bg5 Nbd7 11. Bxf6 Nxf6 12. Nbd2 Rc8 13. Nb3 Be4 14. Qc3 Bd5 15. Rfd1 c5 16. dxc5 Qc7 17. Nfd4 Bxc5 18. Bxd5 Nxd5 19. Qxc5 Qxc5 20. Nxc5 Rxc5 21. Rac1 Rcc8 22. Nc6 Rc7 23. e4 Nf6 24. f3 Ra8 25. Ne5 Rcc8 26. Rxc8+ Rxc8 27. Rd6 Ne8 28. Rxa6 Rc1+ 29. Kg2 Rc2+ 30. Kh3 Rxb2 31. Nd7 f6 32. Rxe6 Kf7 33. Ra6 Ke7 34. Nc5 Nc7 35. Rc6 Kd8 36. a4 bxa4 37. Nxa4 Ra2 38. Nc5 Ne8 39. f4 Ke7 40. Re6+ Kd8 41. Rc6 Ke7 42. Rb6 Rc2 43. Nd3 Rc3 44. Nb4 Rc4 45. e5 fxe5 46. Nc6+ Kf8 47. fxe5 Nc7 48. e6 Rc5 49. Rb8+ Ne8 50. Rc8 Rh5+ 51. Kg2 Rd5 52. Rd8 Rc5 53. Nd4 Ke7 54. Rd7+ Kf6 55. Kf2 Ke5 56. Rd8 Nf6 57. e7 Ke4 58. Nf3 Rc2+ 59. Nd2+ Kf5 60. Ke2 Kg4 61. e8Q Nxe8 62. Rxe8 Kh3 63. Re7 Kxh2 64. Rxg7 h5 65. Kd3 Rc8 66. Ne4 Rh8 67. Ke3 h4 68. g4 Kg2 69. Ra7 h3 70. Ra2+ Kg1 71. Ng5 1-0

[Event "Copenhagen Unibank"]
[Site "Copenhagen"]
[Date "1991.??.??"]
[Round "5"]
[White "Fedder, Steen"]
[Black "Sorensen, Torben"]
[Result "1/2-1/2"]
[WhiteElo "2400"]
[BlackElo "2280"]
[PlyCount "53"]
[EventDate "1991.07.??"]
[EventType "swiss"]
[EventRounds "9"]
[EventCountry "DEN"]
[SourceTitle "TD"]
[Source "ChessBase"]
[SourceDate "1994.03.01"]
[SourceVersion "1"]
[SourceVersionDate "1994.03.01"]
[SourceQuality "1"]

1. d4 Nf6 2. c4 g6 3. Nc3 d5 4. Bf4 Bg7 5. e3 c5 6. dxc5 Qa5 7. Rc1 Ne4 8. cxd5 Nxc3 9. Qd2 Qxa2 10. bxc3 Qxd2+ 11. Kxd2 Nd7 12. Bb5 0-0 13. Bxd7 Bxd7 14. Rb1 e5 15. Bg3 Bf5 16. Rxb7 Be4 17. Nf3 Bxd5 18. Rd7 Rfd8 19. Rxd8+ Rxd8 20. Kc1 Rc8 21. Rd1 Rxc5 22. e4 Bxe4 23. Rd8+ Bf8 24. Bxe5 Rd5 25. Re8 Bxf3 26. gxf3 f6 27. Bd4 1/2-1/2

[Event "Copenhagen Unibank"]
[Site "Copenhagen"]
[Date "1991.??.??"]
[Round "8"]
[White "Jasnikowski, Zbigniew"]
[Black "Fedder, Steen"]
[Result "1/2-1/2"]
[WhiteElo "2460"]
[BlackElo "2400"]
[PlyCount "116"]
[EventDate "1991.07.??"]
[EventType "swiss"]
[EventRounds "9"]
[EventCountry "DEN"]
[SourceTitle "TD"]
[Source "ChessBase"]
[SourceDate "1994.03.01"]
[SourceVersion "1"]
[SourceVersionDate "1994.03.01"]
[SourceQuality "1"]

1. d4 Nf6 2. c4 c5 3. d5 b5 4. Nf3 g6 5. cxb5 a6 6. e3 Bg7 7. Nc3 0-0 8. a4 d6 9. Be2 axb5 10. Bxb5 Ba6 11. 0-0 Bxb5 12. Nxb5 Nbd7 13. Re1 Nb6 14. e4 Qd7 15. Nc3 Qb7 16. Qc2 Rfb8 17. Ra2 Ne8 18. b3 Nc7 19. Bd2 Nd7 20. Rb1 Ra6 21. a5 Raa8 22. Nd1 Na6 23. Ne3 Nb4 24. Bxb4 Qxb4 25. Nc4 Ra6 26. Ra4 Qc3 27. Qxc3 Bxc3 28. Nfd2 Rb5 29. Nf1 Nf6 30. Ng3 e6 31. Ne2 Bb4 32. dxe6 fxe6 33. e5 dxe5 34. Kf1 Nd5 35. Rc1 Kg7 36. f3 h5 37. h4 Ne7 38. Ng3 Nc6 39. Ne4 Nd4 40. Rb1 Rb7 41. Kf2 Nc6 42. Kf1 Rd7 43. Rxb4 cxb4 44. Nc5 Raa7 45. Nxd7 Rxd7 46. Ke1 Ra7 47. Ra1 Ra6 48. Kd1 Nd4 49. Ra4 Nxb3 50. Rxb4 Nxa5 51. Nxe5 Nc6 52. Rb7+ Kf6 53. Nxc6 Rxc6 54. Rb4 Ra6 55. Ke2 Ra2+ 56. Kf1 Rd2 57. Rf4+ Kg7 58. Kg1 e5 1/2-1/2

[Event "Lyngby op"]
[Site "Lyngby"]
[Date "1991.??.??"]
[Round "5"]
[White "Polzin, Rainer"]
[Black "Fedder, Steen"]
[Result "1/2-1/2"]
[WhiteElo "2280"]
[BlackElo "2400"]
[PlyCount "79"]
[EventDate "1991.??.??"]
[EventType "swiss"]
[EventRounds "9"]
[EventCountry "DEN"]
[SourceTitle "EXT 2000"]
[Source "ChessBase"]
[SourceDate "1999.11.16"]
[SourceVersion "1"]
[SourceVersionDate "1999.11.16"]
[SourceQuality "1"]

1. e4 c5 2. Nf3 Nc6 3. d4 cxd4 4. Nxd4 g6 5. Nc3 Bg7 6. Be3 Nf6 7. Bc4 0-0 8. Bb3 d6 9. f3 Nxd4 10. Bxd4 Be6 11. Qd2 Qa5 12. 0-0 Rfc8 13. Rad1 b5 14. Bxf6 Bxf6 15. Nd5 Qxd2 16. Nxf6+ Kg7 17. Nh5+ Kh6 18. Rxd2 Kxh5 19. f4 Rc5 20. f5 Bxb3 21. axb3 f6 22. c3 a5 23. Ra1 a4 24. fxg6 hxg6 25. Rd5+ Kg4 26. Rd4 a3 27. bxa3 Rxc3 28. e5+ Kg5 29. exd6 exd6 30. Rd5+ f5 31. Rxb5 Rc2 32. Rd5 Rc3 33. Rxd6 Rxb3 34. a4 Ra5 35. Rd2 Rb4 36. Rda2 Kg4 37. Ra3 f4 38. R1a2 g5 39. Kf2 Rd4 40. h3+ 1/2-1/2

[Event "Politiken Cup 12th"]
[Site "Copenhagen"]
[Date "1990.06.24"]
[Round "5"]
[White "Juul Nielsen, Carsten"]
[Black "Fedder, Steen"]
[Result "0-1"]
[WhiteElo "2230"]
[BlackElo "2400"]
[PlyCount "94"]
[EventDate "1990.06.20"]
[EventType "swiss"]
[EventRounds "10"]
[EventCountry "DEN"]
[SourceTitle "EXT 2000"]
[Source "ChessBase"]
[SourceDate "1999.11.16"]
[SourceVersion "1"]
[SourceVersionDate "1999.11.16"]
[SourceQuality "1"]

1. d4 Nf6 2. c4 c6 3. Nc3 d5 4. e3 e6 5. Nf3 a6 6. Bd3 dxc4 7. Bxc4 b5 8. Bd3 c5 9. 0-0 Bb7 10. e4 cxd4 11. Nxd4 Nbd7 12. Bg5 Bc5 13. Nb3 Be7 14. a3 Ne5 15. Bc2 Qxd1 16. Rfxd1 Nc4 17. Rab1 Rc8 18. Bd2 Bxa3 19. e5 Nd7 20. bxa3 Nxd2 21. Nxb5 Nxb1 22. Nd6+ Ke7 23. Nxc8+ Rxc8 24. Bxb1 Nxe5 25. Rc1 Rxc1+ 26. Nxc1 Bd5 27. Ne2 Bc4 28. Nc3 f5 29. f4 Ng4 30. h3 Nf6 31. Kf2 Kd6 32. Ke3 Nd5+ 33. Nxd5 Kxd5 34. g4 fxg4 35. hxg4 h6 36. Bg6 Bb3 37. Bf7 Bd1 38. g5 Bg4 39. gxh6 gxh6 40. Bg6 a5 41. Bf7 Bf5 42. Bh5 Kc4 43. Bd1 Kc3 44. a4 Kc4 45. Be2+ Kc5 46. Bd1 Bg6 47. Bg4 Kd6 0-1

[Event "Politiken Cup 12th"]
[Site "Copenhagen"]
[Date "1990.06.21"]
[Round "2"]
[White "Schmidt, Wlodzimierz"]
[Black "Fedder, Steen"]
[Result "1-0"]
[WhiteElo "2465"]
[BlackElo "2400"]
[PlyCount "115"]
[EventDate "1990.06.20"]
[EventType "swiss"]
[EventRounds "10"]
[EventCountry "DEN"]
[SourceTitle "EXT 2000"]
[Source "ChessBase"]
[SourceDate "1999.11.16"]
[SourceVersion "1"]
[SourceVersionDate "1999.11.16"]
[SourceQuality "1"]

1. Nf3 c5 2. c4 Nf6 3. Nc3 Nc6 4. d4 cxd4 5. Nxd4 e6 6. g3 Qb6 7. Nb3 Bb4 8. Bg2 d5 9. cxd5 exd5 10. 0-0 Be6 11. Be3 Qd8 12. Bc5 Bxc5 13. Nxc5 Qe7 14. Nxe6 fxe6 15. e4 dxe4 16. Nxe4 0-0 17. Nxf6+ Qxf6 18. Bxc6 bxc6 19. Qe2 Rad8 20. Rac1 Rd6 21. Rc2 Qd4 22. Rfc1 Rc8 23. b3 Rc7 24. Rc5 h6 25. Re5 Rf7 26. Re3 Qd2 27. Rc2 Qxe2 28. Rcxe2 Re7 29. Re5 Kf7 30. Rc5 Rb7 31. Rec2 Rb6 32. Ra5 a6 33. h4 Rd5 34. Ra4 h5 35. Rac4 Rd6 36. Rc5 g6 37. Kg2 Kf6 38. Kf3 e5 39. Ke4 Rd4+ 40. Ke3 Rd6 41. R2c4 Kf5 42. f3 Ke6 43. Ke4 Kf6 44. Rxe5 Rd2 45. Ra5 c5 46. Kf4 Re6 47. Re4 Rc6 48. Rea4 Rdd6 49. Rc4 Rd5 50. g4 hxg4 51. fxg4 Rd2 52. Raxc5 Rxc5 53. Rxc5 Rf2+ 54. Ke4 Rxa2 55. Rc6+ Kg7 56. Rc7+ Kh6 57. g5+ Kh5 58. Kf4 1-0

[Event "Copenhagen Obro-B"]
[Site "Copenhagen"]
[Date "1990.??.??"]
[Round "6"]
[White "Fedder, Steen"]
[Black "Brinck Claussen, Bjorn"]
[Result "1-0"]
[WhiteElo "2400"]
[BlackElo "2395"]
[PlyCount "87"]
[EventDate "1990.??.??"]
[EventType "tourn"]
[EventRounds "9"]
[EventCountry "DEN"]
[EventCategory "4"]
[SourceTitle "EXT 1997"]
[Source "ChessBase"]
[SourceDate "1996.11.15"]
[SourceVersion "1"]
[SourceVersionDate "1996.11.15"]
[SourceQuality "1"]

1. d4 Nf6 2. c4 c5 3. d5 e5 4. Nc3 d6 5. e4 Be7 6. Be2 0-0 7. Nf3 Nbd7 8. a3 a6 9. b4 b5 10. cxb5 axb5 11. Rb1 cxb4 12. axb4 Ba6 13. Nd2 Qb8 14. 0-0 Rc8 15. Rb3 Bd8 16. Bd3 Ne8 17. Qe2 Nc7 18. Ndb1 Ra7 19. Be3 Rb7 20. Na3 Be7 21. Rc1 Nf8 22. Rb2 Ng6 23. g3 Rf8 24. Ra2 Qe8 25. Nab1 Qd7 26. Nd1 Ra8 27. Qc2 Bd8 28. Qc6 Qe7 29. Nd2 Rbb8 30. Qc2 Rc8 31. Qb1 Bb7 32. Nb3 Rxa2 33. Qxa2 Ra8 34. Qd2 Bc8 35. Na5 Bg4 36. Be2 Bxe2 37. Qxe2 Qd7 38. Nc6 h6 39. Nxd8 Rxd8 40. Bb6 Rc8 41. Qc2 f5 42. Qc6 Nf8 43. Qxd7 Nxd7 44. Ba5 1-0

[Event "Lyngby op"]
[Site "Lyngby"]
[Date "1990.??.??"]
[Round "3"]
[White "Fedder, Steen"]
[Black "Petkevich, Jusefs"]
[Result "1-0"]
[WhiteElo "2400"]
[BlackElo "2460"]
[PlyCount "55"]
[EventDate "1990.??.??"]
[EventType "swiss"]
[EventRounds "9"]
[EventCountry "DEN"]
[SourceTitle "EXT 1997"]
[Source "ChessBase"]
[SourceDate "1996.11.15"]
[SourceVersion "1"]
[SourceVersionDate "1996.11.15"]
[SourceQuality "1"]

1. d4 Nf6 2. c4 g6 3. Nc3 Bg7 4. Nf3 d6 5. Bf4 0-0 6. e3 Nh5 7. Bg5 h6 8. Bh4 c6 9. Bd3 f5 10. Qc2 g5 11. Bg3 e5 12. dxe5 Nxg3 13. hxg3 dxe5 14. c5 Be6 15. 0-0-0 Qe7 16. e4 f4 17. gxf4 exf4 18. e5 Nd7 19. Bh7+ Kh8 20. Rd6 Nxc5 21. Ne2 Rad8 22. Qxc5 Kxh7 23. Ned4 g4 24. Ng5+ Qxg5 25. Nxe6 Qf5 26. Rxd8 Rxd8 27. Nxd8 f3 28. Qc2 1-0

[Event "Copenhagen Obro-B"]
[Site "Copenhagen"]
[Date "1990.??.??"]
[Round "9"]
[White "Fedder, Steen"]
[Black "Poulsen, Allan"]
[Result "0-1"]
[WhiteElo "2400"]
[BlackElo "2305"]
[PlyCount "64"]
[EventDate "1990.??.??"]
[EventType "tourn"]
[EventRounds "9"]
[EventCountry "DEN"]
[EventCategory "4"]
[SourceTitle "EXT 1997"]
[Source "ChessBase"]
[SourceDate "1996.11.15"]
[SourceVersion "1"]
[SourceVersionDate "1996.11.15"]
[SourceQuality "1"]

1. Nf3 d5 2. c4 e6 3. g3 c5 4. Bg2 Nc6 5. 0-0 Nf6 6. d4 Be7 7. Nc3 0-0 8. cxd5 exd5 9. Bg5 cxd4 10. Nxd4 h6 11. Be3 Re8 12. Qb3 Na5 13. Qc2 Bg4 14. Rad1 Bb4 15. Rd3 Rc8 16. Bc1 Nc6 17. Re1 Bxc3 18. Qxc3 Ne5 19. Qb3 Nxd3 20. Qxd3 Qa5 21. Bd2 Qxa2 22. h3 Be6 23. Bc3 Qc4 24. Nxe6 Qxd3 25. exd3 fxe6 26. f4 Kf7 27. Ra1 a6 28. Kf2 d4 29. Bxd4 Rc2+ 30. Kf1 Rd8 31. Bxf6 Kxf6 32. Bxb7 Rb8 0-1

[Event "Lyngby op"]
[Site "Lyngby"]
[Date "1990.??.??"]
[Round "7"]
[White "Okhotnik, Vladimir"]
[Black "Fedder, Steen"]
[Result "1/2-1/2"]
[WhiteElo "2450"]
[BlackElo "2400"]
[PlyCount "112"]
[EventDate "1990.??.??"]
[EventType "swiss"]
[EventRounds "9"]
[EventCountry "DEN"]
[SourceTitle "EXT 1997"]
[Source "ChessBase"]
[SourceDate "1996.11.15"]
[SourceVersion "1"]
[SourceVersionDate "1996.11.15"]
[SourceQuality "1"]

1. e4 c5 2. c3 d5 3. exd5 Qxd5 4. d4 Nf6 5. Nf3 Bg4 6. Be2 e6 7. 0-0 cxd4 8. cxd4 Nc6 9. Nc3 Qa5 10. h3 Bh5 11. Be3 Be7 12. Qb3 Qb4 13. Rfd1 Rd8 14. Qxb4 Bxb4 15. Rac1 0-0 16. g4 Bg6 17. Nh4 Ne7 18. Nxg6 hxg6 19. Bf3 Rd7 20. Rc2 Nfd5 21. Nxd5 Nxd5 22. Rdc1 Bd6 23. a3 f5 24. Rc8 Rxc8 25. Rxc8+ Kf7 26. Bd1 Rc7 27. Rxc7+ Bxc7 28. Bf3 Bb6 29. Bxd5 exd5 30. f3 Bd8 31. Kf1 fxg4 32. hxg4 g5 33. Ke2 Bf6 34. Kd3 Ke6 35. Bd2 Be7 36. a4 a6 37. b3 Kd7 38. Ke2 Ke6 39. Ba5 Kd7 40. Kd3 Bd6 41. Bd2 Be7 42. Kc3 Kc6 43. Bc1 Kd7 44. Kd3 Ke6 45. Bd2 Kd7 46. Be1 Bd6 47. Ba5 Bf4 48. Bb4 g6 49. Bf8 Bc1 50. Bg7 Ke6 51. Kc3 Kd7 52. Be5 Be3 53. Bg3 Bc1 54. Be1 Bf4 55. Bd2 Bxd2+ 56. Kxd2 a5 1/2-1/2

[Event "Copenhagen Obro-B"]
[Site "Copenhagen"]
[Date "1990.??.??"]
[Round "7"]
[White "Schwartzman, Gabriel"]
[Black "Fedder, Steen"]
[Result "1-0"]
[WhiteElo "2285"]
[BlackElo "2400"]
[PlyCount "71"]
[EventDate "1990.??.??"]
[EventType "tourn"]
[EventRounds "9"]
[EventCountry "DEN"]
[EventCategory "4"]
[SourceTitle "EXT 1997"]
[Source "ChessBase"]
[SourceDate "1996.11.15"]
[SourceVersion "1"]
[SourceVersionDate "1996.11.15"]
[SourceQuality "1"]

1. c4 c5 2. Nf3 Nc6 3. g3 g6 4. Bg2 Bg7 5. Nc3 e6 6. d4 Nxd4 7. Nxd4 cxd4 8. Ne4 d6 9. Qa4+ Ke7 10. Bd2 a5 11. Qa3 f5 12. Bg5+ Nf6 13. Bxf6+ Bxf6 14. Nxf6 Kxf6 15. 0-0 Qb6 16. Rad1 Rd8 17. e3 dxe3 18. fxe3 Qb4 19. Qd3 Qc5 20. Kh1 Qe5 21. e4 Kg7 22. exf5 gxf5 23. g4 f4 24. Qd2 Qe3 25. Rxf4 Qxd2 26. Rxd2 e5 27. Rf1 Bxg4 28. Bxb7 Ra7 29. Bd5 Bh5 30. Rg2+ Kh8 31. Rf6 Bg6 32. h4 Rg7 33. Rgf2 h5 34. Rg2 Bd3 35. Rh6+ Bh7 36. Be4 1-0